<?xml version="1.0" encoding="UTF-8"?>
<record
    xmlns:xsi="http://www.w3.org/2001/XMLSchema-instance"
    xsi:schemaLocation="http://www.loc.gov/MARC21/slim http://www.loc.gov/standards/marcxml/schema/MARC21slim.xsd"
    xmlns="http://www.loc.gov/MARC21/slim">

  <leader>00582nam a22001337a 4500</leader>
  <datafield tag="040" ind1=" " ind2=" ">
    <subfield code="c">RUA</subfield>
  </datafield>
  <datafield tag="082" ind1=" " ind2=" ">
    <subfield code="a">AGR KY 2012 B051 Or.1</subfield>
  </datafield>
  <datafield tag="100" ind1=" " ind2=" ">
    <subfield code="a">KY, SOVANNDARA.</subfield>
  </datafield>
  <datafield tag="245" ind1=" " ind2=" ">
    <subfield code="a">Effect of direct seedling mulch based cropping system on soil fauna &#x17A5;&#x1791;&#x17D2;&#x1792;&#x17B7;&#x1796;&#x179B;&#x1793;&#x17C3;&#x1794;&#x17D2;&#x179A;&#x1796;&#x17D0;&#x1793;&#x17D2;&#x1792;&#x178A;&#x17B6;&#x17C6;&#x178A;&#x17BB;&#x17C7;&#x178A;&#x17C6;&#x178E;&#x17B6;&#x17C6;&#x1782;&#x1798;&#x17D2;&#x179A;&#x1794;&#x178A;&#x17B8;&#x1791;&#x17C5;&#x179F;&#x178F;&#x17D2;&#x179C;&#x179B;&#x17D2;&#x17A2;&#x17B7;&#x178F;&#x1780;&#x17D2;&#x1793;&#x17BB;&#x1784;&#x178A;&#x17B8;</subfield>
  </datafield>
  <datafield tag="260" ind1=" " ind2=" ">
    <subfield code="a">Phnom Penh</subfield>
    <subfield code="b">RUA</subfield>
    <subfield code="c">2012</subfield>
  </datafield>
  <datafield tag="300" ind1=" " ind2=" ">
    <subfield code="a">xi; 50p.</subfield>
    <subfield code="b">ill.</subfield>
    <subfield code="c">29cm.</subfield>
  </datafield>
  <datafield tag="856" ind1=" " ind2=" ">
    <subfield code="u">https://drive.google.com/file/d/1U0DnPZmB1OHQRYpJzEYhnvo3PC8z4yhx/view?usp=sharing</subfield>
  </datafield>
  <datafield tag="942" ind1=" " ind2=" ">
    <subfield code="c">AGR</subfield>
  </datafield>
  <datafield tag="999" ind1=" " ind2=" ">
    <subfield code="c">1223</subfield>
    <subfield code="d">1223</subfield>
  </datafield>
  <datafield tag="952" ind1=" " ind2=" ">
    <subfield code="0">0</subfield>
    <subfield code="1">0</subfield>
    <subfield code="2">ddc</subfield>
    <subfield code="4">0</subfield>
    <subfield code="6">AGR_KY_2012_000000000000000_B051_OR_1</subfield>
    <subfield code="7">0</subfield>
    <subfield code="9">5116</subfield>
    <subfield code="a">LBB</subfield>
    <subfield code="b">LBB</subfield>
    <subfield code="c">B051</subfield>
    <subfield code="d">2015-09-24</subfield>
    <subfield code="l">2</subfield>
    <subfield code="o">AGR KY 2012 B051 Or.1</subfield>
    <subfield code="p">RUA018004</subfield>
    <subfield code="r">2020-05-12</subfield>
    <subfield code="s">2020-03-06</subfield>
    <subfield code="w">2015-09-24</subfield>
    <subfield code="y">AGR</subfield>
  </datafield>
  <datafield tag="952" ind1=" " ind2=" ">
    <subfield code="0">0</subfield>
    <subfield code="1">0</subfield>
    <subfield code="2">ddc</subfield>
    <subfield code="4">0</subfield>
    <subfield code="6">AGR_KY_2012_000000000000000_B051_OR_2</subfield>
    <subfield code="7">0</subfield>
    <subfield code="9">5117</subfield>
    <subfield code="a">LBB</subfield>
    <subfield code="b">LBB</subfield>
    <subfield code="c">B051</subfield>
    <subfield code="d">2015-09-24</subfield>
    <subfield code="o">AGR KY 2012 B051 Or.2</subfield>
    <subfield code="p">RUA017653</subfield>
    <subfield code="r">2015-09-24</subfield>
    <subfield code="w">2015-09-24</subfield>
    <subfield code="y">AGR</subfield>
  </datafield>
  <datafield tag="952" ind1=" " ind2=" ">
    <subfield code="0">0</subfield>
    <subfield code="1">0</subfield>
    <subfield code="2">ddc</subfield>
    <subfield code="4">0</subfield>
    <subfield code="6">AGR_KY_2012_000000000000000_B051_OR_1</subfield>
    <subfield code="7">0</subfield>
    <subfield code="9">5152</subfield>
    <subfield code="a">LBB</subfield>
    <subfield code="b">LBB</subfield>
    <subfield code="c">B052</subfield>
    <subfield code="d">2015-09-25</subfield>
    <subfield code="l">1</subfield>
    <subfield code="m">1</subfield>
    <subfield code="o">AGR KY 2012 B051 Or.1</subfield>
    <subfield code="p">RUA004780</subfield>
    <subfield code="r">2016-06-07</subfield>
    <subfield code="s">2016-04-19</subfield>
    <subfield code="w">2015-09-25</subfield>
    <subfield code="y">AGR</subfield>
  </datafield>
  <datafield tag="952" ind1=" " ind2=" ">
    <subfield code="0">0</subfield>
    <subfield code="1">0</subfield>
    <subfield code="2">ddc</subfield>
    <subfield code="4">0</subfield>
    <subfield code="6">AGR_KY_2012_000000000000000_B051_OR_2</subfield>
    <subfield code="7">0</subfield>
    <subfield code="9">5153</subfield>
    <subfield code="a">LBB</subfield>
    <subfield code="b">LBB</subfield>
    <subfield code="c">B052</subfield>
    <subfield code="d">2015-09-25</subfield>
    <subfield code="l">1</subfield>
    <subfield code="o">AGR KY 2012 B051 Or.2</subfield>
    <subfield code="p">RUA004635</subfield>
    <subfield code="r">2024-11-07</subfield>
    <subfield code="s">2024-08-07</subfield>
    <subfield code="w">2015-09-25</subfield>
    <subfield code="y">AGR</subfield>
  </datafield>
  <datafield tag="952" ind1=" " ind2=" ">
    <subfield code="0">0</subfield>
    <subfield code="1">0</subfield>
    <subfield code="2">ddc</subfield>
    <subfield code="4">0</subfield>
    <subfield code="6">AGR_KY_2012_000000000000000_B051_OR_3</subfield>
    <subfield code="7">0</subfield>
    <subfield code="9">5154</subfield>
    <subfield code="a">LBB</subfield>
    <subfield code="b">LBB</subfield>
    <subfield code="c">B052</subfield>
    <subfield code="d">2015-09-25</subfield>
    <subfield code="l">2</subfield>
    <subfield code="m">2</subfield>
    <subfield code="o">AGR KY 2012 B051 Or.3</subfield>
    <subfield code="p">RUA005338</subfield>
    <subfield code="r">2016-12-14</subfield>
    <subfield code="s">2016-10-26</subfield>
    <subfield code="w">2015-09-25</subfield>
    <subfield code="y">AGR</subfield>
  </datafield>
</record>
